000 00901cam a2200265 a 4500
999 _c2927
_d2927
001 1898278
003 GBCCL
005 20241126110443.0
008 840713s1984 mnu 000 0 eng
010 _a 84051639
020 _a0890660573 (pbk.)
040 _aDLC
_cDLC
_dDLC
050 0 0 _aBV3793
_b.G73 1984
082 0 0 _a269.2
_219
_bGRA
100 1 _aGraham, Billy,
_d1918-
_9449
245 1 2 _aA biblical standard for evangelists /
_cBilly Graham.
260 _aMinneapolis, MN :
_bWorld Wide Publications,
_cc1984.
300 _a131 p. ;
_c22 cm.
505 _ac.9, Indian edition published by GLS Publishing, 2021
611 2 0 _aInternational Conference for Itinerant Evangelists
_n(1st :
_d1983 :
_cAmsterdam, Netherlands)
_96106
650 0 _aEvangelists.
_96107
650 0 _aEvangelistic work
_xPhilosophy.
_92225
906 _a7
_bcbc
_corignew
_d3
_eocip
_f19
_gy-gencatlg
942 _2ddc
_cBK
_040